Madison Beer's Songs - Statistics

General Stats
  • This quiz has been taken 164 times
  • The average score is 31 of 49
Answer Stats
Hint Answer % Correct
SBS Reckless
86%
SBS Silence Between Songs
84%
SBS Spinnin
82%
Single Make You Mine
79%
SBS Ryder
79%
SBS King Of Everything
78%
SBS 17
76%
LS Baby
76%
LS Good In Goodbye
75%
SBS Home To Another One
75%
Single 15 MINUTES
74%
LS Selfish
74%
SBS Envy The Leaves
70%
ASP Dead
69%
LS BOYSHIT
68%
LS Channel Surfing / The End
66%
LS Blue
65%
SBS Dangerous
65%
SBS Sweet Relief
65%
ASP Tyler Durden
65%
SBS Nothing Matters But You
64%
LS Stained Glass
64%
SBS At Your Worst
63%
LS Follow The White Rabbit
63%
ASP Home With You
63%
LS The Beginning
63%
LS Homesick
62%
SBS I Wonder
62%
SBS Showed Me
61%
Single Dear Society
60%
ASP Fools
58%
LS Interlude
58%
LS Effortlessly
57%
LS Everything Happens For A Reason
57%
Single (feat. Offset) Hurts Like Hell
56%
ASP Teenager In Love
56%
ASP HeartLess
55%
Single Melodies
55%
LS Default
54%
LS Emotional Bruises
53%
LS Stay Numb And Carry On
53%
ASP Say It To My Face
51%
Single (with Surf Mesa) Carried Away
50%
LS Sour Times
49%
Single (K/DA) POP/STARS
48%
Single (Fall) I Have Never Felt More Alive
46%
Single Unbreakable
40%
Single (K/DA) MORE
37%
Single All For Love
34%
No matching quizzes found
Score Distribution
Percent of People with Each Score
Percentile by Number Answered
Your Score History
You have not taken this quiz